Functional Analysis of OsATL53 in Lignin Biosynthesis and OsbZIP45 in Drought Tolerance in Rice (Record no. 1849520)

MARC details
000 -LEADER
fixed length control field 00729nam a2200241Ia 4500
005 - DATE AND TIME OF LATEST TRANSACTION
control field 20260430150327.0
008 - FIXED-LENGTH DATA ELEMENTS--GENERAL INFORMATION
fixed length control field 008 250103s9999 xx 000 0 eng d
037 ## - SOURCE OF ACQUISITION
Stock number Theses
040 ## - CATALOGING SOURCE
Original cataloging agency CRL
040 ## - CATALOGING SOURCE
Language of cataloging eng
040 ## - CATALOGING SOURCE
Transcribing agency eng
041 ## - LANGUAGE CODE
Source of code eng
041 ## - LANGUAGE CODE
Language code of text/sound track or separate title eng
084 ## - COLON CLASSIFICATION NUMBER
Assigning agency CRL
100 ## - MAIN ENTRY--PERSONAL NAME
Personal name Sharma Aishwarye Au.; Sharma Arun K. Gu.; Khurana Paramjit Gu.
9 (RLIN) 1237156
245 #0 - TITLE STATEMENT
Title Functional Analysis of OsATL53 in Lignin Biosynthesis and OsbZIP45 in Drought Tolerance in Rice
260 ## - PUBLICATION, DISTRIBUTION, ETC.
Date of publication, distribution, etc. 2022
300 ## - PHYSICAL DESCRIPTION
Extent 111
650 ## - SUBJECT ADDED ENTRY--TOPICAL TERM
Topical term or geographic name entry element Biology; Plants
700 ## - ADDED ENTRY--PERSONAL NAME
Personal name University of Delhi. Faculty of Inter- Disciplinary & Applied Science. Deptt. of Plant Moleculer Biology
942 ## - ADDED ENTRY ELEMENTS (KOHA)
Koha item type Dissertations
Holdings
Withdrawn status Lost status Damaged status Not for loan Home library Current library Date acquired Total Checkouts Barcode Date last seen Price effective from Koha item type
        Central Library Central Library 2026-04-30   TH0027144 2026-04-30 2026-04-30 Dissertations
Copyright @ Delhi University Library System